Quiz Cultura Generale - Quiz n°73 - Statistics

Statistiche generali
  • Questo quiz è stato fatto 145 volte
  • Il punteggio medio è 34 su 45
Statistiche sulle risposte
Domanda Casella Select % Corretto
Seleziona gli stati africani che si affacciano sul Mar Mediterraneo Nigeria No
98%
Seleziona gli stati africani che si affacciano sul Mar Mediterraneo Tunisia
98%
Seleziona gli stati africani che si affacciano sul Mar Mediterraneo Sudan No
97%
Seleziona gli stati africani che si affacciano sul Mar Mediterraneo Mauritania No
96%
Seleziona gli stati africani che si affacciano sul Mar Mediterraneo Somalia No
94%
Seleziona gli stati africani che si affacciano sul Mar Mediterraneo Algeria
93%
Seleziona gli stati africani che si affacciano sul Mar Mediterraneo Libia
93%
Selezioni gli stati che facevano parte dell'Unione Sovietica Russia
93%
Seleziona gli stati africani che si affacciano sul Mar Mediterraneo Egitto
92%
Seleziona gli stati africani che si affacciano sul Mar Mediterraneo Marocco
92%
Seleziona i Presidenti del Consiglio dei Ministri della Repubblica italiana Silvio Berlusconi
88%
Seleziona i giocatori italiani che hanno vinto il Pallone d'Oro Andrea Pirlo No
86%
Seleziona i giocatori italiani che hanno vinto il Pallone d'Oro Sandro Mazzola No
86%
Selezioni gli stati che facevano parte dell'Unione Sovietica Ucraina
85%
Seleziona i Presidenti del Consiglio dei Ministri della Repubblica italiana Sergio Mattarella No
83%
Seleziona i Presidenti del Consiglio dei Ministri della Repubblica italiana Giulio Tremonti No
79%
Seleziona i Presidenti del Consiglio dei Ministri della Repubblica italiana Gianfranco Fini No
78%
Seleziona i Presidenti del Consiglio dei Ministri della Repubblica italiana Matteo Salvini No
78%
Selezioni gli stati che facevano parte dell'Unione Sovietica Mongolia No
78%
Seleziona i giocatori italiani che hanno vinto il Pallone d'Oro Fabio Cannavaro
77%
Seleziona i Presidenti del Consiglio dei Ministri della Repubblica italiana Giulio Andreotti
77%
Seleziona i Presidenti del Consiglio dei Ministri della Repubblica italiana Matteo Renzi
77%
Seleziona i giocatori italiani che hanno vinto il Pallone d'Oro Roberto Baggio
77%
Seleziona i Presidenti del Consiglio dei Ministri della Repubblica italiana Umberto Bossi No
77%
Selezioni gli stati che facevano parte dell'Unione Sovietica Moldavia
76%
Seleziona gli organuli presenti nella cellula animale Mitocondri
75%
Selezioni gli stati che facevano parte dell'Unione Sovietica Romania No
75%
Selezioni gli stati che facevano parte dell'Unione Sovietica Polonia No
74%
Selezioni gli stati che facevano parte dell'Unione Sovietica Bulgaria No
73%
Seleziona i giocatori italiani che hanno vinto il Pallone d'Oro Francesco Totti No
73%
Seleziona i giocatori italiani che hanno vinto il Pallone d'Oro Gianluigi Buffon No
73%
Seleziona gli organuli presenti nella cellula animale Ribosomi
72%
Seleziona gli organuli presenti nella cellula animale Vacuolo No
71%
Seleziona gli organuli presenti nella cellula animale Vacuolo No
69%
Seleziona i giocatori italiani che hanno vinto il Pallone d'Oro Alessandro Del Piero No
67%
Selezioni gli stati che facevano parte dell'Unione Sovietica Kazakistan
67%
Seleziona gli organuli presenti nella cellula animale Plasmidi No
65%
Seleziona gli organuli presenti nella cellula animale Lisosomi
62%
Selezioni gli stati che facevano parte dell'Unione Sovietica Armenia
60%
Seleziona i giocatori italiani che hanno vinto il Pallone d'Oro Paolo Rossi
57%
Seleziona i giocatori italiani che hanno vinto il Pallone d'Oro Gianni Rivera
54%
Seleziona gli organuli presenti nella cellula animale Complesso del Golgi
51%
Seleziona gli organuli presenti nella cellula animale Cloroplasti No
48%
Seleziona gli organuli presenti nella cellula animale Centrioli
38%
Seleziona i Presidenti del Consiglio dei Ministri della Repubblica italiana Giovanni Spadolini
30%
Nessun quiz corrispondente trovato
Distribuzione punteggi
Percentuale di utenti per punteggio
Percentile per numero di risposta
I tuoi punteggi nel tempo
Non hai fatto questo quiz